Rubber tapping machine (Record no. 68021)

MARC details
000 -LEADER
fixed length control field 00421nam a2200157Ia 4500
100 ## - MAIN ENTRY--AUTHOR NAME
Personal name Raghavendra Prasad S.A
245 #0 - TITLE STATEMENT
Title Rubber tapping machine
260 ## - PUBLICATION, DISTRIBUTION, ETC. (IMPRINT)
Name of publisher International Research Journal of Engineering and Technology
Year of publication 2020
300 ## - PHYSICAL DESCRIPTION
Number of Pages 1235-38
650 ## - SUBJECT ADDED ENTRY--TOPICAL TERM
Topical Term CREO software
650 ## - SUBJECT ADDED ENTRY--TOPICAL TERM
Topical Term Equipment
650 ## - SUBJECT ADDED ENTRY--TOPICAL TERM
Topical Term Tapping machine
856 ## - ELECTRONIC LOCATION AND ACCESS
Uniform Resource Identifier Copy
942 ## - ADDED ENTRY ELEMENTS (KOHA)
Koha item type Journals
Holdings
Withdrawn status Lost status Damaged status Not for loan Home library Current library Shelving location Date acquired Serial Enumeration / chronology Koha item type
      Journals RRII Library RRII Library LHT 17/12/2021 Volume 7, Issue 6 Journals